| Tag |
First Indicator |
Second Indicator |
Subfields |
| LEADER |
00000cam a22000008a 4500 |
| 001 |
in00001237753 |
| 005 |
20151003071904.0 |
| 008 |
940902s1995 nyu b 001 0 eng |
| 010 |
|
|
|a 94037842
|
| 020 |
|
|
|a 0810927446
|
| 035 |
|
|
|a (OCoLC)31167575
|
| 035 |
|
|
|9 AGT5378AM
|
| 040 |
|
|
|a DLC
|c DLC
|d RSD
|d JED
|d TXA
|d UtOrBLW
|
| 049 |
|
|
|a TXAM
|
| 050 |
0 |
0 |
|a N6280
|b .P48 1995
|
| 082 |
0 |
0 |
|a 709/.02/16
|2 20
|
| 100 |
1 |
|
|a Petzold, Andreas.
|
| 245 |
1 |
0 |
|a Romanesque art /
|c Andreas Petzold.
|
| 263 |
|
|
|a 9502
|
| 264 |
|
1 |
|a New York :
|b H.N. Abrams,
|c 1995.
|
| 300 |
|
|
|a 176 pages :
|b illustrations (some color), map ;
|c 24 cm.
|
| 336 |
|
|
|a text
|b txt
|2 rdacontent
|
| 337 |
|
|
|a unmediated
|b n
|2 rdamedia
|
| 338 |
|
|
|a volume
|b nc
|2 rdacarrier
|
| 490 |
1 |
|
|a Perspectives
|
| 504 |
|
|
|a Includes bibliographical references and index.
|
| 650 |
|
0 |
|a Art, Romanesque.
|
| 830 |
|
0 |
|a Perspectives (Harry N. Abrams, Inc.)
|
| 949 |
|
|
|a updated
|b h
|c 2000/4/5
|e fpiscitelli
|f 7:25:26 pm
|
| 999 |
|
|
|a MARS
|
| 999 |
f |
f |
|s ac43c0bd-79fa-3b14-b8c4-92732402ae53
|i bfca18c9-9ab3-3acc-a0d3-a2427e41995e
|t 0
|
| 952 |
f |
f |
|p noncirc
|a Texas A&M University
|b College Station
|c Sterling C. Evans Library
|d Santa Chiara (in Italy)
|t 0
|e N6280 .P48 1995
|h Library of Congress classification
|i unmediated -- volume
|m A14826130375
|
| 952 |
f |
f |
|p normal
|a Texas A&M University
|b College Station
|c Sterling C. Evans Library
|d Evans: Library Stacks
|t 0
|e N6280 .P48 1995
|h Library of Congress classification
|i unmediated -- volume
|m A14819709294
|
| 998 |
f |
f |
|a N6280 .P48 1995
|t 0
|l Santa Chiara (in Italy)
|
| 998 |
f |
f |
|a N6280 .P48 1995
|t 0
|l Evans: Library Stacks
|